Interpretación del proceso de aprendizaje y la ubicuidad en educación media /

Bibliographic Details
Main Authors: Vásquez Ruiz, Leydi Lorena (Author), Caicedo Villamizar, Surgei Bolivia (Author)
Format: Electronic eBook
Language:Spanish
Published: Pamplona, Norte de Santander, Colombia : Sello Editorial Unipamplona, [2023]
Series:Colección Educación (Universidad de Pamplona)
Subjects:
Online Access:Digitalia Hispánica

MARC

LEADER 00000nam a2200000 i 4500
001 DIGUPAMP0016
003 NyNyDIG
007 cr |||||||||||
008 240201s2023 ck a ob 000 0 spa d
006 m o d
035 |a (OCoLC)1422054501 
040 |a DGITA  |b eng  |e rda  |e pn  |c DGITA 
020 |z 9786287656024 
043 |a s-ck--- 
050 1 4 |a LA567 ebook 
100 1 |a Vásquez Ruiz, Leydi Lorena,  |e author. 
245 1 0 |a Interpretación del proceso de aprendizaje y la ubicuidad en educación media /  |c Leydi Lorena Vásquez Ruiz, Surgei Bolivia Caicedo Villamizar. 
264 1 |a Pamplona, Norte de Santander, Colombia :  |b Sello Editorial Unipamplona,  |c [2023] 
300 |a 1 online resource :  |b illustrations. 
336 |a text  |b txt  |2 rdacontent 
337 |a computer  |b c  |2 rdamedia 
338 |a online resource  |b cr  |2 rdacarrier 
347 |a text file  |2 rdaft 
347 |b PDF 
490 1 |a Colección Educación 
504 |a Includes bibliographical references. 
588 0 |a Online resource; title from PDF title page (Digitalia, viewed February 1, 2024) 
650 0 |a Education, Secondary  |z Colombia  |z Cúcuta (Norte de Santander) 
700 1 |a Caicedo Villamizar, Surgei Bolivia,  |e author. 
791 2 |a Digitalia (Firm),  |e distributor. 
793 0 |g Digitalia eBook Collection:  |a Universidad de Pamplona 
776 0 8 |i Print version:  |a Vásquez Ruiz, Leydi Lorena.  |t Interpretación del proceso de aprendizaje y la ubicuidad en educación media.  |b Primera edición.  |d Pamplona, Norte de Santander, Colombia : Sello Editorial Unipamplona, [2023]  |z 9786287656024 
830 0 |a Colección Educación (Universidad de Pamplona) 
856 4 0 |3 Digitalia Hispánica  |u https://www.digitaliapublishing.com/a/131108/ 
910 |a Premium collection: 2024